000 00607nam a2200205Ia 4500
001 b2504-23146 [1950]
003 IT-MiCISF
008 161014s9999||||xx |||||||||||||| ||und||
040 _aIT-MiCISF
_cIT-MiCISF
041 _ait
100 _aCastelli Carlo
245 0 _aSesso e aggressivitĂ 
_bAlle radici della violenza sessuale
250 _a1a ed.
260 _a Milano
_bFranco Angeli
_c1990
300 _app. 141
500 _a / sessualitĂ , violenza, teoria, stupro, massmedia, pornografia, comportamento-sessuale /
650 _asessualitĂ 
942 _cBK
957 _71
999 _a23146
_bsi
_g1
_c214962
_d214962